000 00292nam a2200097Ia 4500
001 1250498
005 20251031150857.0
008 251031s9999 xx 000 0 und d
245 0 _cEPİKTETOS
_aG-5 KENDİSİNİN EFENDİSİ OLMAYAN HİÇ KİMSE ÖZGÜR DEĞİLDİR
260 _bDESTEK YAYINLARI
999 _c1250498
_d1250498